Municipalities of Gorizia with a Map - Statistics

General Stats
  • This quiz has been taken 1,141 times
  • The average score is 8 of 13
Answers on the Map
Answers color-coded by a green-red scale on the quiz's map according to % correct below.
 
Answer Stats
Municipality % Correct
Nova Gorica
74%
Bovec
70%
Tolmin
70%
Brda
65%
Ajdovščina
64%
Idrija
62%
Kobarid
62%
Miren-Kostanjevica
60%
Šempeter-Vrtojba
57%
Kanal ob Soči
56%
Vipava
56%
Cerkno
54%
Renče–Vogrsko
48%
No matching quizzes found
Score Distribution
Percent of People with Each Score
Percentile by Number Answered
Your Score History
You have not taken this quiz